LEADER 01221nam a2200277 u 4500 001 000000110678 003 CaOOAMICUS 005 20080314135308.0 008 080314s2006 it u000 u ita u 020 $a88-217-2356-9 040 $aPUL(R)$bita$dBc 100 1 $aFranceschini, Germano.$0(OLS)http://pul/name/67868 245 10$aIndia :$bdiritto commerciale, doganale e fiscale /$cGermano Franceschini, Francesco Misuraca. 260 $a[S.l.] :$bIpsoa,$c2006. 300 $axxvii, 605 p. ;$c24 cm. 490 1 $aPaesi emergenti ;$v2. 650 4$aDiritto commerciale$zIndia.$0(OLS)http://pul/subject/34211 651 4$aIndia$xEconomia.$0(OLS)http://pul/subject/33858 700 1 $aMisuraca, Francesco.$0(OLS)http://pul/name/67869 830 0$aPaesi emergenti ;$v2.$0(OLS)http://pul/title/139180 850 $aPUL 852 $aPUL$W1$xSL Diritto e Scienze Sociali 3$y79$m346. 5 COLL 1.2$j126806$qDDC 21$B125527$CPULBib$Z2$F125527 $H106758 $82 941 1 $a9 996 $6020$a88-217-2356-9$9(OLS)http://pul/number/137536 996 $6245$aIndia :$bdiritto commerciale, doganale e fiscale$9(OLS)http://pul/title/139190 996 $6260$a[S.l.] :$bIpsoa$9(OLS)http://pul/publisher/77155 LEADER 01759nam a2200301 a 4500 001 000000158993 003 CaOOAMICUS 005 20170221103015.0 008 170221s2016 sp hf u000 u spa r 032 $aLibriCat 040 $aPUL$bita 100 1 $aMartínez García, Fernando Antonio.$0(OLS)http://pul/name/101582 245 10$aVenerantes Virginem Mariam : $banálisis teológico de los títulos Inmaculada, Asunta y Madre de la Iglesia en la eucología de los misales romanos de 1962 y 2002 (incluida la Colección de Misas de la Virgen María / $cFernando Antonio Martínez García. 260 $aMadrid :$b[s.n.],$c2016. 300 $a689 p.;$c23 cm 440 0$aDissertationes theologicae (Universidad S. Damaso, Madrid) ;$v20 502 $aTesi di Dottorato in Teologia- Facultad de Teologia de la Universidad "San Damaso", 2016. 504 $aBibliografia : p. [637]-689. 650 4$aMariologia$xStoria.$0(OLS)http://pul/subject/35079 710 2 $aFacultad de teologia "San Dámaso".$kTesi.$0(OLS)http://pul/name/82530 830 0$aDissertationes theologicae (Universidad S. Damaso, Madrid) ;$v20.$0(OLS)http://pul/title/140227 850 $aPUL 852 $aPUL$W1$xDP1 Tesi Varie$y51$m2016 B 13$j159690$qTesi$B185491$CPULBib$Z2$F185491 $82 941 1 $a16 996 $6245$aVenerantes Virginem Mariam : $banálisis teológico de los títulos Inmaculada, Asunta y Madre de la Iglesia en la eucología de los misales romanos de 1962 y 2002 (incluida la Colección de Misas de la Virgen María / $9(OLS)http://pul/title/198603 996 $6440$aDissertationes theologicae (Universidad S. Damaso, Madrid)$9(OLS)http://pul/title/140227 996 $6260$aMadrid :$b[s.n.]$9(OLS)http://pul/publisher/49535